Reading literature and writing argument / (Record no. 205)
[ view plain ]
| 000 -LEADER | |
|---|---|
| fixed length control field | 00721cam a2200229 4500 |
| 001 - CONTROL NUMBER | |
| control field | 226 |
| 005 - DATE AND TIME OF LATEST TRANSACTION | |
| control field | 20181127160921.0 |
| 008 - FIXED-LENGTH DATA ELEMENTS--GENERAL INFORMATION | |
| fixed length control field | 040609s2005 njua b 001 0 eng |
| 010 ## - LIBRARY OF CONGRESS CONTROL NUMBER | |
| LC control number | 2004013473 |
| 020 ## - INTERNATIONAL STANDARD BOOK NUMBER | |
| International Standard Book Number | 013189109X (pbk.) |
| 100 1# - MAIN ENTRY--PERSONAL NAME | |
| Personal name | James, Missy. |
| 245 10 - TITLE STATEMENT | |
| Title | Reading literature and writing argument / |
| Statement of responsibility, etc. | Missy James, Alan P. Merickel. |
| 250 ## - EDITION STATEMENT | |
| Edition statement | 2nd ed. |
| 260 ## - PUBLICATION, DISTRIBUTION, ETC. | |
| Place of publication, distribution, etc. | Upper Saddle River, N.J. : |
| Name of publisher, distributor, etc. | Pearson Prentice Hall, |
| Date of publication, distribution, etc. | c2005. |
| 300 ## - PHYSICAL DESCRIPTION | |
| Extent | xviii, 712 p. : |
| Other physical details | ill. ; |
| Dimensions | 23 cm. |
| 504 ## - BIBLIOGRAPHY, ETC. NOTE | |
| Bibliography, etc. note | Includes bibliographical references and indexes. |
| 650 #0 - SUBJECT ADDED ENTRY--TOPICAL TERM | |
| Topical term or geographic name entry element | College readers. |
| Topical term or geographic name entry element | English language |
| General subdivision | Rhetoric. |
| Topical term or geographic name entry element | Persuasion (Rhetoric) |
| Topical term or geographic name entry element | Report writing. |
| 700 1# - ADDED ENTRY--PERSONAL NAME | |
| Personal name | Merickel, Alan. |
| Withdrawn status | Lost status | Source of classification or shelving scheme | Damaged status | Not for loan | Collection code | Home library | Current library | Shelving location | Serial Enumeration / chronology | Inventory number | Total Checkouts | Full call number | Barcode | Date last seen | Price effective from | Koha item type |
|---|---|---|---|---|---|---|---|---|---|---|---|---|---|---|---|---|
| Dewey Decimal Classification | Main TEST | RTC Library | RTC Library | Main opac | 1241 | 808.042 JAM | 30000156 | 27/11/2018 | 27/11/2018 | Main |